banner koha

Efeitos de fungicidas sobre o desenvolvimento de doencas, contaminacao de sementes e producao de trigo [Triticum aestivum; Capao Bonito; Sao Paulo; Brasil] (Registro n. 106604)

MARC details
000 -LÍDER
campo de controle de tamanho fixo 01196nas a2200325 4500
001 - NÚMERO DE CONTROLE
campo de controle BR8102391
003 - IDENTIFICADOR DO NÚMERO DE CONTROLE
campo de controle BR-BrBNA
005 - DATA E HORÁRIO DA ÚLTIMA TRANSAÇÃO
campo de controle 20231205084655.0
007 - CAMPO FIXO DE DESCRIÇÃO FÍSICA--INFORMAÇÃO GERAL
campo de controle de tamanho fixo ta
008 - CAMPO DE DADOS FIXOS--INFORMAÇÃO GERAL
campo de controle de tamanho fixo 230509b bl.|||p| |||| 00| 00por d
040 ## - FONTE DA CATALOGAÇÃO
Instituição da catalogação original BR-BrBNA
Idioma da catalogação por
Instituição que transcreveu o registro Biblioteca Nacional de Agricultura
041 ## - CÓDIGO DE IDIOMA
Código do idioma do texto/trilha sonora ou título diferente (Pt)
072 ## - CÓDIGO DE CATEGORIA DE ASSUNTO
Código de Categoria de Assunto H20
100 1# - ENTRADA PRINCIPAL--NOME PESSOAL
Nome pessoal Barros, B.C.
100 1# - ENTRADA PRINCIPAL--NOME PESSOAL
Nome pessoal Lasca, C.C.
100 1# - ENTRADA PRINCIPAL--NOME PESSOAL
Nome pessoal Castro, J.L.
100 1# - ENTRADA PRINCIPAL--NOME PESSOAL
Nome pessoal Oliveira, D.A.
111 1# - ENTRADA PRINCIPAL--NOME DO EVENTO
Nome do evento ou lugar 6. Reuniao da Comissao Norte Brasileira de Pesquisa de Trigo
Local do evento Curitiba, PR (Brazil)
Data do evento ou assinatura do tratado 14 Jan 1980
245 1# - TÍTULO
Título Efeitos de fungicidas sobre o desenvolvimento de doencas, contaminacao de sementes e producao de trigo [Triticum aestivum; Capao Bonito; Sao Paulo; Brasil]
246 1# - FORMA VARIANTE DO TÍTULO
Título/título abreviado The effects of fungicides on disease development, seed contamination, and grain yield of wheat [Triticum aestivum; Capao Bonito; Sao Paulo; Brazil]
650 ## - ASSUNTO--TERMO TÓPICO
Cabeçalho tópico ou nome geográfico Doenca de planta
650 ## - ASSUNTO--TERMO TÓPICO
Cabeçalho tópico ou nome geográfico Trigo
650 ## - ASSUNTO--TERMO TÓPICO
Cabeçalho tópico ou nome geográfico Semente
650 ## - ASSUNTO--TERMO TÓPICO
Cabeçalho tópico ou nome geográfico Fungicida
650 ## - ASSUNTO--TERMO TÓPICO
Cabeçalho tópico ou nome geográfico Capao Bonito
650 ## - ASSUNTO--TERMO TÓPICO
Cabeçalho tópico ou nome geográfico Sao Paulo
773 0# - ENTRADA ANALÍTICA
Título Biologico (Brazil)
ISSN - International Standard Serial Number ISSN 0366-0567
Partes relacionadas (Mar 1981), v. 47(3) p. 67-75
Número de controle do registro BR8102391
909 ## -
-- 202311
-- Lúcia
-- 55
-- Lúcia Elande
942 ## - ELEMENTOS DE ENTRADA ADICIONADOS (KOHA)
Fonte da classificação ou esquema de arquivamento na estante Classificação AGRIS
Ocultar no OPAC Não
Tipo de material Koha Analítica
Exemplares
Situação do descarte Fonte da classificação ou esquema de arquivamento na estante Situação física Não pode ser emprestado Biblioteca de origem Biblioteca atual Localização na estante Enumeração do periódico / cronologia Total de empréstimos Data de último acesso Número do exemplar Tipo de material Koha Fonte de aquisição
  Classificação AGRIS   Consulta local Biblioteca Nacional de Agricultura - Binagri Biblioteca Nacional de Agricultura - Binagri   (Mar 1981), v. 47(3) p. 67-75   29/11/2023 01 Periódicos Portaria Interministerial nº 164/94

BINAGRI

Telefone: (61)3218-2567/2388/3357/2097 - binagri@agro.gov.br

Ministério da Agricultura e Pecuária , Esplanada dos Ministérios, Bloco D, Anexo B, Brasília/DF, CEP: 70.043-900